Welcome to WEB OPAC of MRSPTU Central Library

ASP.Net 3.5 Unleashed (With Cd) (Sams) (Record no. 10616)

MARC details
000 -LEADER
fixed length control field 00534nmm a22001697a 4500
003 - CONTROL NUMBER IDENTIFIER
control field OSt
005 - DATE AND TIME OF LATEST TRANSACTION
control field 20251114122237.0
006 - FIXED-LENGTH DATA ELEMENTS--ADDITIONAL MATERIAL CHARACTERISTICS
fixed length control field ebook
008 - FIXED-LENGTH DATA ELEMENTS--GENERAL INFORMATION
fixed length control field 251114b |||||||| |||| 00| 0 eng d
040 ## - CATALOGING SOURCE
Transcribing agency MRSPTU
100 ## - MAIN ENTRY--PERSONAL NAME
Personal name Walther, Stephen
245 ## - TITLE STATEMENT
Title ASP.Net 3.5 Unleashed (With Cd) (Sams)
260 ## - PUBLICATION, DISTRIBUTION, ETC.
Place of publication, distribution, etc. New Delhi
Name of publisher, distributor, etc. Pearson
Date of publication, distribution, etc. 2006
300 ## - PHYSICAL DESCRIPTION
Extent Computer Science
856 ## - ELECTRONIC LOCATION AND ACCESS
Materials specified Click here to access the e-book
Uniform Resource Identifier <a href="https://ebookcentral.proquest.com/lib/gzsptuc/detail.action?docID=5127237&query=ASP.NET+2.0+Unleashed">https://ebookcentral.proquest.com/lib/gzsptuc/detail.action?docID=5127237&query=ASP.NET+2.0+Unleashed</a>
942 ## - ADDED ENTRY ELEMENTS (KOHA)
Source of classification or shelving scheme Dewey Decimal Classification
Koha item type eBook
Suppress in OPAC Yes
Holdings
Withdrawn status Lost status Source of classification or shelving scheme Damaged status Not for loan Collection Home library Current library Date acquired Total checkouts Barcode Date last seen Price effective from Koha item type
    Dewey Decimal Classification     BK MRSPTU Central Library MRSPTU Central Library 11/14/2025   E-138 11/14/2025 11/14/2025 eBook

Website Designed and Developed by MRSPTU Central Library Team

E-mail Id: librarian@mrsptu.ac.in